000 02285nam0a2200409 4500
001 RU\NLR\bibl\1698219
005 20260405225239.0
021 _aRU
_b2010-77090
_95140
035 _a(nilc)RSL-KNO-004742754
035 _a(NLR Aleph) 001689307
090 _a1150619
_c1150619
100 _a20101011d2010 |||y0rusy50 ca
101 0 _arus
102 _aRU
105 _aa zzzz|||||
200 1 _aПроизводственный комплекс Тамбовской области
_dProduction complex of Tambov region
_eучебник для студентов, обучающихся по специальности 050103-География
_fЕ. Е. Инякина, Г. В. Кольцова
_gФедеральное агентство по образованию, Гос. образовательное учреждение высш. проф. образования, "Тамбовский гос. ун-т им. Г. Р. Державина"
_zeng
210 _aТамбов
_cТамбовский гос. ун-т
_d2010
215 _a165 с.
_cил., карт., табл.
_d21
300 _aАвт. также на англ. яз.: E.E. Inyakina, G.V. Koltsova
320 _aБиблиогр.: с. 159-161 (39 назв.)
510 1 _6z22790
_aProduction complex of Tambov region
_zeng
606 1 _aПроизводственные комплексы
_jУчебники для высших учебных заведений
_yТамбовская область
_92625726
_3RU\NLR\auth\661562286
686 _aУ9(2Р-4Т)300-434я73-1
_2rubbk
686 _aУ9(2Р-4Т)320-434я73-1
_2rubbk
686 _aУ9(2)-434(2Р-4Т)я73
700 1 _4070
_8rus
_7ca
_aИнякина
_bЕ. Е.
_gЕлена Евгеньевна
_3RU\NLR\auth\77103289
_986215
701 1 _4070
_8rus
_7ca
_aКольцова
_bГ. В.
_gГалина Владиславовна
_3RU\NLR\auth\7740771
_923722
790 1 _4070
_8rus
_7ba
_aInjakina
_bE. E.
_gElena Evgen'evna
_3RU\NLR\auth\77103293
_986219
790 1 _4070
_8rus
_7ba
_aKol'cova
_bG. V.
_gGalina Bladislavovna
_3RU\NLR\auth\7740772
_923723
801 0 _aRU
_bРГБ
_c20101011
_grcr
801 1 _aRU
_bРГБ
_c20101011
801 2 _aRU
_bNLR
_c20101112
_grcr
830 _aавт. по кн.
942 _cBOOK
980 _aNB
980 _aNBR